| 000 | 00747nam a2200253Ia 4500 | ||
|---|---|---|---|
| 003 | OSt | ||
| 005 | 20220918165550.0 | ||
| 006 | a|||||r|||| 00| 0 | ||
| 007 | ta | ||
| 008 | 220917b |||||||| |||| 00| 0 eng d | ||
| 020 |
_a8131602982 (hbk) _c575 |
||
| 024 | _a241,411 | ||
| 037 |
_b006, 02/09/2009, Independent Publishers Group _cTextual |
||
| 040 |
_aARTS _cARTS _beng |
||
| 041 |
_2eng _aeng |
||
| 082 | _aY:6, P9 | ||
| 100 |
_aCrossley Nick _924827 |
||
| 245 | 0 | _aMaking sense of social movements | |
| 260 |
_aJaipur _bRawat Pub. India _c2009 |
||
| 300 |
_avii,207p. _ccm. |
||
| 650 | _aSOCIOLOGY | ||
| 942 |
_hY:6, P9 _cTEXL _2CC |
||
| 999 |
_c130396 _d130396 |
||